000
00288nam a22001337a 4500
008
181023b xxu||||| |||| 00| 0 eng d
020
_a
0155766317
041
_a
eng
080
_a
820
100
_a
21
101
_a
GJL
245
_a
The Resourceful Writer
_c
Webb,S.S
942
_2
udc
_c
BK
999
_c
50567
_d
50567